| 000 | 00454 a2200133 4500 | ||
|---|---|---|---|
| 001 | ART_34071 | ||
| 005 | 20260410161827.0 | ||
| 008 | 260409a | ||
| 245 | 1 | 0 | _aLos derechos de uso y las cuotas individuales transferibles de captura en Argentina |
| 100 | 1 | _aPagani, Andrea Noemí | |
| 700 | 1 | _aGualdoni, Patricia Alejandra | |
| 700 | 1 | _aBertolotti, María Isabel | |
| 773 | 0 |
_tFACES _g- Año 20, Nº 42/43 (ene./dic. 2014) _wREV5046 |
|
| 999 |
_c22866 _d22866 |
||